00390 a2200133 4500003000400000005001700004008004100021040000900062082001500071100002500086245010600111260003000217300000900247OSt20231128110629.0231128b |||||||| |||| 00| 0 eng d coclc a591bANA/M aAnanthakrishnan, T N aA manual of zoology bvolume 2 part II -chordata /cProf. M. Ekambaranatha Ayyar, T N Ananthakrishnan bAnanda Book Depot,c2023. a879p